| 000 | 00571nam a2200169 i 4500 | ||
|---|---|---|---|
| 001 | 130686 | ||
| 003 | ES-MaACL | ||
| 005 | 20230906193818.0 | ||
| 007 | t| | ||
| 008 | 070806s1935 tu ||||1| fre d | ||
| 110 | 2 |
_aParti républicain du peuple (Turquie) _96126 |
|
| 245 | 1 | 0 |
_aStatuts adoptés par le 4e grand congrès du Parti / _cParti républicain de peuple. |
| 260 |
_aAnkara : _b[s.n.], _c1935 ( _eIstanbul : _fSoc. anonyme de papeterie et d'imprimerie) |
||
| 300 |
_a40 p. ; _c20 cm. |
||
| 651 | 4 |
_aTurquía- _xHistoria. _9137381 |
|
| 852 |
_aES-MaACL _j1804-F-12 |
||
| 999 |
_c130686 _d130686 |
||